[Event "2. Bundesliga Ost 2009/2010"]
[Site "17+18.10Zwettl14+15.11Poechlarn"]
[Date "2010.04.18"]
[Round "11"]
[Board "1"]
[White "Hodisch, Juri"]
[Black "Zilka, Stepan"]
[Result "1/2-1/2"]
[WhiteElo "2349"]
[BlackElo "2485"]
[PlyCount "108"]
[EventDate "2009.10.17"]
[EventType "team"]
[EventRounds "11"]
[EventCountry "AUT"]
[WhiteTeam "Aljechin/Wieden"]
[BlackTeam "Blackburne Nickelsdorf"]

1.d4 d5 2.c4 c6 3.Nf3 Nf6 4.Nc3 e6 5.e3 Nbd7 6.Qc2 Bd6 7.b3 O-O 8.Be2 b6 9.O-O
Bb7 10.Bb2 Qe7 11.Rfe1 Rfe8 12.e4 Nxe4 13.Nxe4 dxe4 14.Qxe4 Nf6 15.Qc2 Bb4
16.Red1 Ba3 17.Ne5 Bxb2 18.Qxb2 c5 19.dxc5 Qxc5 20.Qd4 Qxd4 21.Rxd4 Rad8 22.Rad1
Rxd4 23.Rxd4 Kf8 24.f3 Ke7 25.Kf2 Rc8 26.Rd2 Rc5 27.Nd3 Rc7 28.h4 Ne8 29.Nf4 h6
30.Bd3 Rd7 31.Ke3 g5 32.hxg5 hxg5 33.Ne2 f5 34.Nc3 Nf6 35.Bc2 f4+ 36.Ke2 Rxd2+
37.Kxd2 g4 38.Ke2 g3 39.Ne4 Bxe4 40.Bxe4 Kd6 41.Kd3 Nd7 42.b4 Ke5 43.Kc3 Nf6
44.Bc6 Kd6 45.Ba8 a5 46.a3 axb4+ 47.axb4 Nh7 48.Kd4 e5+ 49.Kd3 Ng5 50.Bb7 Nh3
51.Ba8 Nf2+ 52.Ke2 Nh1 53.Be4 Nf2 54.Ba8 Nh1

[Event "2. Bundesliga Ost 2009/2010"]
[Site "17+18.10Zwettl14+15.11Poechlarn"]
[Date "2010.04.18"]
[Round "11"]
[Board "2"]
[White "Pinter, Erik"]
[Black "Heiny, Johannes"]
[Result "1/2-1/2"]
[WhiteElo "2416"]
[BlackElo "2245"]
[PlyCount "77"]
[EventDate "2009.10.17"]
[EventType "team"]
[EventRounds "11"]
[EventCountry "AUT"]
[WhiteTeam "Blackburne Nickelsdorf"]
[BlackTeam "Aljechin/Wieden"]

1.e4 e6 2.d4 d5 3.e5 c5 4.c3 Nc6 5.Nf3 Qb6 6.a3 Bd7 7.b4 cxd4 8.cxd4 Rc8 9.Be2
Nge7 10.O-O Nf5 11.Bb2 Be7 12.Qd2 O-O 13.Rd1 a6 14.Nc3 Na7 15.Bd3 Nh4 16.Nxh4
Bxh4 17.Bb1 a5 18.Qd3 g6 19.Qh3 Bg5 20.Nxd5 exd5 21.Qxd7 Bc1 22.Bxc1 Qxd4 23.Rf1
Qxa1 24.Bh6 Qxe5 25.Bxf8 Rxf8 26.Qxb7 Qb8 27.Qxb8 Rxb8 28.bxa5 Rb5 29.a6 Ra5
30.Bd3 Rxa3 31.Be2 Ra2 32.Bd3 Ra3 33.Rd1 Nc6 34.Bf1 Nb4 35.g3 Kg7 36.Rd4 Nxa6
37.Rxd5 Nb4 38.Rd7 Rc3 39.h4

[Event "2. Bundesliga Ost 2009/2010"]
[Site "17+18.10Zwettl14+15.11Poechlarn"]
[Date "2010.04.18"]
[Round "11"]
[Board "3"]
[White "Groetz, Harald"]
[Black "Vlcek, Stanislav"]
[Result "0-1"]
[WhiteElo "2332"]
[BlackElo "2286"]
[PlyCount "74"]
[EventDate "2009.10.17"]
[EventType "team"]
[EventRounds "11"]
[EventCountry "AUT"]
[WhiteTeam "Aljechin/Wieden"]
[BlackTeam "Blackburne Nickelsdorf"]

1.e4 c5 2.Nf3 d6 3.d4 cxd4 4.Nxd4 Nf6 5.Nc3 a6 6.Bc4 e6 7.O-O b5 8.Bb3 Be7 9.Qf3
Qc7 10.Qg3 Nc6 11.Nxc6 Qxc6 12.Re1 Bb7 13.a3 Rd8 14.Nd5 exd5 15.Qxg7 Kd7 16.exd5
Nxd5 17.Qxf7 Rde8 18.Bg5 Nf6 19.Qe6+ Kc7 20.f3 Rhg8 21.Qf5 Rxg5 22.Qxg5 Ne4
23.Qh6 Bg5 24.Qxh7+ Re7 25.Qxe7+ Bxe7 26.fxe4 Bh4 27.g3 Qc5+ 28.Kg2 Bf6 29.c3
Qe5 30.Bd5 Bxd5 31.exd5 Qxd5+ 32.Kh3 Qf5+ 33.Kg2 Qc2+ 34.Kh3 Qxb2 35.Rab1 Qc2
36.Rbc1 Qf5+ 37.Kg2 Bg5

[Event "2. Bundesliga Ost 2009/2010"]
[Site "17+18.10Zwettl14+15.11Poechlarn"]
[Date "2010.04.18"]
[Round "11"]
[Board "4"]
[White "Koffler, Daniel"]
[Black "Schlosser, Michael"]
[Result "1/2-1/2"]
[WhiteElo "2236"]
[BlackElo "2345"]
[PlyCount "73"]
[EventDate "2009.10.17"]
[EventType "team"]
[EventRounds "11"]
[EventCountry "AUT"]
[WhiteTeam "Blackburne Nickelsdorf"]
[BlackTeam "Aljechin/Wieden"]

1.d4 Nf6 2.Nd2 c5 3.dxc5 Qa5 4.Ngf3 e6 5.e3 Bxc5 6.Bd3 d5 7.O-O Qc7 8.c4 dxc4
9.Nxc4 Nc6 10.Qe2 e5 11.e4 Bg4 12.Be3 Bxe3 13.Qxe3 O-O 14.Rac1 Bxf3 15.Qxf3 Rfd8
16.Rfd1 Rac8 17.Rc3 Nd4 18.Qe3 Nc6 19.Rdc1 Qe7 20.Na5 Qb4 21.Nxc6 Rxc6 22.Rxc6
bxc6 23.Qe2 Rd6 24.h3 Qd4 25.Rc3 g6 26.Bc2 Nh5 27.Bb3 Nf4 28.Qc4 Rf6 29.Qxd4
exd4 30.Rc2 d3 31.Rd2 Ne2+ 32.Kf1 Ng3+ 33.Ke1 Nxe4 34.Rxd3 Nxf2 35.Rd8+ Kg7
36.Rd7 a5 37.Bxf7

[Event "2. Bundesliga Ost 2009/2010"]
[Site "17+18.10Zwettl14+15.11Poechlarn"]
[Date "2010.04.18"]
[Round "11"]
[Board "5"]
[White "Pachta, Paul"]
[Black "Bachofner, Andreas"]
[Result "1/2-1/2"]
[WhiteElo "2275"]
[BlackElo "2229"]
[PlyCount "108"]
[EventDate "2009.10.17"]
[EventType "team"]
[EventRounds "11"]
[EventCountry "AUT"]
[WhiteTeam "Aljechin/Wieden"]
[BlackTeam "Blackburne Nickelsdorf"]

1.Nf3 f5 2.d3 d6 3.e4 e5 4.Nc3 Nf6 5.exf5 Bxf5 6.d4 e4 7.Nh4 Bd7 8.Qe2 Bc6 9.d5
Nxd5 10.Qh5+ g6 11.Nxg6 Nf6 12.Qh3 Rg8 13.Nxf8 Rxf8 14.Bh6 Rf7 15.Bc4 d5 16.Qe6+
Qe7 17.Qc8+ Qd8 18.Qxd8+ Kxd8 19.Rd1 Rd7 20.Bg5 dxc4 21.Bxf6+ Ke8 22.O-O Kf7
23.Bh4 b5 24.Bg3 Rxd1 25.Rxd1 Na6 26.Rd4 Re8 27.a4 b4 28.Nb5 Rb8 29.Rxc4 Bxb5
30.axb5 Rxb5 31.Bxc7 b3 32.Bf4 bxc2 33.Rxc2 Rb7 34.Kf1 Nb4 35.Rc7+ Rxc7 36.Bxc7
Ke6 37.Ba5 Nd5 38.Bd2 Ke5 39.Ke2 a6 40.f3 Kd4 41.fxe4 Kxe4 42.g3 Nf6 43.Bc3 Nd5
44.Bg7 Ne7 45.Bf6 Nd5 46.Bg5 a5 47.b3 a4 48.bxa4 Nc3+ 49.Kf2 Nxa4 50.g4 Nc5
51.Kg3 h5 52.Be7 Ne6 53.g5 Kf5 54.Kh4 Kg6

[Event "2. Bundesliga Ost 2009/2010"]
[Site "17+18.10Zwettl14+15.11Poechlarn"]
[Date "2010.04.18"]
[Round "11"]
[Board "6"]
[White "Steinert, Martin"]
[Black "Batyte, Daiva"]
[Result "0-1"]
[WhiteElo "2127"]
[BlackElo "2124"]
[PlyCount "68"]
[EventDate "2009.10.17"]
[EventType "team"]
[EventRounds "11"]
[EventCountry "AUT"]
[WhiteTeam "Blackburne Nickelsdorf"]
[BlackTeam "Aljechin/Wieden"]

1.e4 e5 2.Nc3 Nc6 3.Bc4 Nf6 4.d3 Na5 5.Qf3 Nxc4 6.dxc4 d6 7.h3 Be6 8.b3 c6 9.Bb2
Be7 10.Nge2 a6 11.a4 O-O 12.Rd1 Qc7 13.g4 b5 14.cxb5 axb5 15.axb5 cxb5 16.Qd3 b4
17.Na4 Rfc8 18.Rd2 Nd7 19.Ng3 Nc5 20.Nxc5 Qxc5 21.O-O Bg5 22.Re2 Bd7 23.c4 bxc3
24.Rc2 Qb5 25.Rxc3 Qxd3 26.Rxd3 Bb5 27.Rxd6 Bxf1 28.Kxf1 f6 29.Nf5 Rc2 30.h4 Bf4
31.Ba3 Rxa3 32.Rd8+ Kf7 33.Rd7+ Ke8 34.Rxg7 Raa2

[Event "2. Bundesliga Ost 2009/2010"]
[Site "17+18.10Zwettl14+15.11Poechlarn"]
[Date "2010.04.18"]
[Round "11"]
[Board "1"]
[White "Farago, Ivan"]
[Black "Loeffler, Stefan"]
[Result "1/2-1/2"]
[WhiteElo "2511"]
[BlackElo "2416"]
[PlyCount "52"]
[EventDate "2009.10.17"]
[EventType "team"]
[EventRounds "11"]
[EventCountry "AUT"]
[WhiteTeam "ASVOE VHS Poechlarn"]
[BlackTeam "SK Advisory Invest Baden"]

1.d4 Nf6 2.c4 c6 3.Nc3 d5 4.Nf3 dxc4 5.a4 Bf5 6.Ne5 e6 7.f3 c5 8.dxc5 Qxd1+
9.Kxd1 Nbd7 10.Nxd7 Kxd7 11.e4 Bg6 12.Be3 Rc8 13.Bxc4 Bxc5 14.Ke2 Bxe3 15.Bb5+
Ke7 16.Kxe3 a6 17.Be2 Nd7 18.a5 Rc5 19.Rhc1 Rhc8 20.g4 f6 21.Kd2 Ne5 22.b4 R5c7
23.Na4 Be8 24.Rxc7+ Rxc7 25.Nc3 Nc6 26.b5 Nd4

[Event "2. Bundesliga Ost 2009/2010"]
[Site "17+18.10Zwettl14+15.11Poechlarn"]
[Date "2010.04.18"]
[Round "11"]
[Board "2"]
[White "Lendwai, Reinhard"]
[Black "Kostic, Vladimir"]
[Result "1/2-1/2"]
[WhiteElo "2424"]
[BlackElo "2430"]
[PlyCount "46"]
[EventDate "2009.10.17"]
[EventType "team"]
[EventRounds "11"]
[EventCountry "AUT"]
[WhiteTeam "SK Advisory Invest Baden"]
[BlackTeam "ASVOE VHS Poechlarn"]

1.c4 e5 2.Nc3 Nf6 3.Nf3 Nc6 4.a3 d6 5.g3 Be7 6.Bg2 O-O 7.O-O Bg4 8.h3 Be6 9.d3
h6 10.Nd2 Qc8 11.Kh2 Nh7 12.e3 Bd8 13.b4 Ne7 14.Bb2 c6 15.b5 Bc7 16.a4 a5 17.Ba3
Qd7 18.Rb1 Kh8 19.Qh5 Nf6 20.Qd1 Nh7 21.Qh5 Nf6 22.Qd1 Nh7 23.Qh5 Nf6

[Event "2. Bundesliga Ost 2009/2010"]
[Site "17+18.10Zwettl14+15.11Poechlarn"]
[Date "2010.04.18"]
[Round "11"]
[Board "3"]
[White "Rumpl, Erwin"]
[Black "Bawart, Markus"]
[Result "1/2-1/2"]
[WhiteElo "2334"]
[BlackElo "2399"]
[PlyCount "60"]
[EventDate "2009.10.17"]
[EventType "team"]
[EventRounds "11"]
[EventCountry "AUT"]
[WhiteTeam "ASVOE VHS Poechlarn"]
[BlackTeam "SK Advisory Invest Baden"]

1.c4 Nf6 2.Nc3 c5 3.e4 d6 4.Nge2 e5 5.g3 h5 6.h4 Nc6 7.Bg2 a6 8.d3 Be7 9.O-O Rb8
10.Nd5 Nxd5 11.cxd5 Nd4 12.Nxd4 cxd4 13.Bd2 g5 14.hxg5 Bxg5 15.f4 Bf6 16.f5 Bd7
17.Bf3 Qb6 18.b4 Rg8 19.Kg2 Qb5 20.Be2 h4 21.g4 Ke7 22.Rg1 Bg5 23.Bxg5+ Rxg5
24.Qd2 f6 25.a4 Qb6 26.Rh1 Rh8 27.Rh3 Rg7 28.a5 Qd8 29.Rah1 Rgh7 30.g5 Kf8

[Event "2. Bundesliga Ost 2009/2010"]
[Site "17+18.10Zwettl14+15.11Poechlarn"]
[Date "2010.04.18"]
[Round "11"]
[Board "4"]
[White "Sulyok, Michael"]
[Black "Weinzettl, Ernst"]
[Result "1/2-1/2"]
[WhiteElo "2240"]
[BlackElo "2278"]
[PlyCount "60"]
[EventDate "2009.10.17"]
[EventType "team"]
[EventRounds "11"]
[EventCountry "AUT"]
[WhiteTeam "SK Advisory Invest Baden"]
[BlackTeam "ASVOE VHS Poechlarn"]

1.c4 e6 2.g3 Nf6 3.Bg2 d5 4.Nf3 Be7 5.O-O O-O 6.b3 c5 7.Bb2 Nc6 8.e3 d4 9.exd4
cxd4 10.Re1 Ne8 11.a3 a5 12.Ne5 Nxe5 13.Rxe5 f6 14.Re1 e5 15.d3 Nc7 16.Nd2 Na6
17.f4 exf4 18.Bd5+ Kh8 19.Bxd4 Nc7 20.Bb6 Ra6 21.Bxc7 Qxc7 22.Qf3 fxg3 23.hxg3
f5 24.Re2 Rg6 25.Rg2 Bc5+ 26.Kh1 Rh6+ 27.Rh2 Rg6 28.Rg2 Rh6+ 29.Rh2 Rg6 30.Rg2
Rh6+

[Event "2. Bundesliga Ost 2009/2010"]
[Site "17+18.10Zwettl14+15.11Poechlarn"]
[Date "2010.04.18"]
[Round "11"]
[Board "5"]
[White "Loidl, Florian"]
[Black "Geismann, Bernhard"]
[Result "1-0"]
[WhiteElo "2239"]
[BlackElo "2108"]
[PlyCount "47"]
[EventDate "2009.10.17"]
[EventType "team"]
[EventRounds "11"]
[EventCountry "AUT"]
[WhiteTeam "ASVOE VHS Poechlarn"]
[BlackTeam "SK Advisory Invest Baden"]

1.e4 e5 2.Nf3 Nc6 3.Bb5 a6 4.Ba4 Nf6 5.O-O Be7 6.Re1 b5 7.Bb3 O-O 8.c3 d6 9.h3
Na5 10.Bc2 d5 11.exd5 e4 12.Ng5 Nxd5 13.Nxe4 f5 14.Ng3 f4 15.Ne4 f3 16.d3 fxg2
17.b4 Nb7 18.a4 Bh4 19.Bb3 Kh8 20.Qh5 Rf5 21.Ng5 Bxf2+ 22.Kxg2 Rxg5+ 23.Bxg5
Bxh3+ 24.Kxf2

[Event "2. Bundesliga Ost 2009/2010"]
[Site "17+18.10Zwettl14+15.11Poechlarn"]
[Date "2010.04.18"]
[Round "11"]
[Board "6"]
[White "Zechner, Andrea"]
[Black "Mittermayr, Gerhard"]
[Result "1/2-1/2"]
[WhiteElo "1987"]
[BlackElo "2139"]
[PlyCount "58"]
[EventDate "2009.10.17"]
[EventType "team"]
[EventRounds "11"]
[EventCountry "AUT"]
[WhiteTeam "SK Advisory Invest Baden"]
[BlackTeam "ASVOE VHS Poechlarn"]

1.d4 f5 2.c4 Nf6 3.Nf3 e6 4.Nc3 d5 5.Bf4 c6 6.e3 Bd6 7.c5 Be7 8.Bd3 O-O 9.Qc2
Ne4 10.O-O Nd7 11.Ne5 Bf6 12.Ne2 Nexc5 13.Nxc6 bxc6 14.dxc5 e5 15.Bxf5 exf4
16.Bxh7+ Kh8 17.Nxf4 Ne5 18.Rad1 Qe7 19.b4 g5 20.Nh5 Qf7 21.Nxf6 Qxf6 22.Bd3
Nxd3 23.Qxd3 Bf5 24.Qe2 Qe5 25.Qh5+ Kg7 26.Qxg5+ Kh7 27.Qh5+ Kg7 28.Qg5+ Kh7
29.Qh5+ Kg7

[Event "2. Bundesliga Ost 2009/2010"]
[Site "17+18.10Zwettl14+15.11Poechlarn"]
[Date "2010.04.18"]
[Round "11"]
[Board "1"]
[White "Antoniewski, Rafal"]
[Black "Froschauer, Hans"]
[Result "1-0"]
[WhiteElo "2558"]
[BlackElo "2126"]
[PlyCount "71"]
[EventDate "2009.10.17"]
[EventType "team"]
[EventRounds "11"]
[EventCountry "AUT"]
[WhiteTeam "ASVOE SK Mattersburg"]
[BlackTeam "ASVOE Pamhagen"]

1.e4 c5 2.Nc3 Nc6 3.Bb5 g6 4.Bxc6 dxc6 5.d3 Bg7 6.Be3 b6 7.Qd2 Qd6 8.Nge2 e5
9.O-O Be6 10.f4 Ne7 11.Kh1 f5 12.Rae1 O-O-O 13.b3 Kb7 14.exf5 Bxf5 15.Ng3 Rd7
16.fxe5 Bxe5 17.Bf4 Bxf4 18.Rxf4 Qc7 19.Rf2 h6 20.Nd1 Rh7 21.Ne3 Be6 22.Ne4 Ng8
23.Nf6 Nxf6 24.Rxf6 Bf7 25.Ng4 Re7 26.Qc3 Bd5 27.Ne5 g5 28.Qa1 Re6 29.Rf5 Re8
30.c4 Be6 31.Rff1 h5 32.Nf3 Qd8 33.Re5 Bg4 34.Nxg5 Rhe7 35.Rxe7+ Qxe7 36.Rf7

[Event "2. Bundesliga Ost 2009/2010"]
[Site "17+18.10Zwettl14+15.11Poechlarn"]
[Date "2010.04.18"]
[Round "11"]
[Board "3"]
[White "Riedner, Martin"]
[Black "Horvath, Maria"]
[Result "1-0"]
[WhiteElo "2189"]
[BlackElo "2001"]
[PlyCount "71"]
[EventDate "2009.10.17"]
[EventType "team"]
[EventRounds "11"]
[EventCountry "AUT"]
[WhiteTeam "ASVOE SK Mattersburg"]
[BlackTeam "ASVOE Pamhagen"]

1.c4 c6 2.Nf3 d5 3.Qc2 e6 4.g3 Nd7 5.Bg2 Bd6 6.O-O Qe7 7.d3 Ngf6 8.Nc3 dxc4
9.dxc4 O-O 10.b3 Re8 11.Bb2 e5 12.Ng5 Nf8 13.Nce4 Nxe4 14.Nxe4 Bf5 15.Rad1 Rad8
16.Qc1 Bxe4 17.Bxe4 Bc5 18.e3 f6 19.Qb1 Rxd1 20.Rxd1 Rd8 21.Bc3 Rxd1+ 22.Qxd1
Bb4 23.Bxb4 Qxb4 24.Qd8 Kf7 25.Qb8 a6 26.Kg2 Qe7 27.Bf5 b5 28.Qb6 bxc4 29.bxc4
g6 30.Be4 c5 31.Qxa6 f5 32.Bd5+ Kg7 33.a4 Kh6 34.Qb7 Qg5 35.a5 e4 36.Qc7

[Event "2. Bundesliga Ost 2009/2010"]
[Site "17+18.10Zwettl14+15.11Poechlarn"]
[Date "2010.04.18"]
[Round "11"]
[Board "4"]
[White "Rusek, Walter"]
[Black "Brod, Manfred"]
[Result "0-1"]
[WhiteElo "1849"]
[BlackElo "2165"]
[PlyCount "52"]
[EventDate "2009.10.17"]
[EventType "team"]
[EventRounds "11"]
[EventCountry "AUT"]
[WhiteTeam "ASVOE Pamhagen"]
[BlackTeam "ASVOE SK Mattersburg"]

1.d4 Nf6 2.c4 g6 3.Nc3 d5 4.Nf3 Bg7 5.Qb3 dxc4 6.Qxc4 O-O 7.e3 a6 8.Be2 b5 9.Qb3
c5 10.dxc5 Nc6 11.O-O Nd7 12.Rd1 Qc7 13.Ne4 Bb7 14.Bd2 Nce5 15.Nxe5 Bxe5 16.c6
Bxc6 17.Ng3 Qb7 18.f4 Bg7 19.Bf1 Nc5 20.Qa3 Na4 21.Rab1 Rfd8 22.Bc3 Rxd1 23.Rxd1
Nxc3 24.bxc3 Bd5 25.Qa5 Rc8 26.a4 Bxc3

[Event "2. Bundesliga Ost 2009/2010"]
[Site "17+18.10Zwettl14+15.11Poechlarn"]
[Date "2010.04.18"]
[Round "11"]
[Board "1"]
[White "Pacher, Milan"]
[Black "Denk, Adolf"]
[Result "0-1"]
[WhiteElo "2366"]
[BlackElo "2257"]
[PlyCount "62"]
[EventDate "2009.10.17"]
[EventType "team"]
[EventRounds "11"]
[EventCountry "AUT"]
[WhiteTeam "Austria Wien"]
[BlackTeam "SK St. Poelten"]

1.e4 c5 2.Nf3 e6 3.d4 cxd4 4.Nxd4 a6 5.Bd3 Nf6 6.O-O Qc7 7.Qe2 d6 8.c4 Be7 9.Nc3
O-O 10.Be3 Nbd7 11.Rac1 b6 12.b4 Ne5 13.Nb3 Bb7 14.f3 Nfd7 15.Na4 Nxd3 16.Qxd3
Rfc8 17.Rfd1 Qb8 18.Nxb6 Nxb6 19.Bxb6 Bxe4 20.Qe3 Bc6 21.c5 dxc5 22.bxc5 h6
23.Qf2 Bd5 24.Na5 Qf4 25.c6 Bd6 26.g3 Qa4 27.c7 Bxc7 28.Bxc7 Rxc7 29.Rxc7 Qxd1+
30.Kg2 Rd8 31.Rc3 Bxa2

[Event "2. Bundesliga Ost 2009/2010"]
[Site "17+18.10Zwettl14+15.11Poechlarn"]
[Date "2010.04.18"]
[Round "11"]
[Board "2"]
[White "Sadilek, Maximilian"]
[Black "Hangweyrer, Manfred"]
[Result "1/2-1/2"]
[WhiteElo "2207"]
[BlackElo "2348"]
[PlyCount "24"]
[EventDate "2009.10.17"]
[EventType "team"]
[EventRounds "11"]
[EventCountry "AUT"]
[WhiteTeam "SK St. Poelten"]
[BlackTeam "Austria Wien"]

1.e4 c5 2.Nc3 Nc6 3.Bb5 Nd4 4.Bc4 e6 5.Nge2 a6 6.d3 b5 7.Bb3 Nxb3 8.axb3 Bb7
9.O-O d6 10.f4 Be7 11.Ng3 b4 12.Nb1 Nf6

[Event "2. Bundesliga Ost 2009/2010"]
[Site "17+18.10Zwettl14+15.11Poechlarn"]
[Date "2010.04.18"]
[Round "11"]
[Board "4"]
[White "Juenger, Heinz"]
[Black "Liedl, Wolfgang"]
[Result "1/2-1/2"]
[WhiteElo "2086"]
[BlackElo "2211"]
[PlyCount "60"]
[EventDate "2009.10.17"]
[EventType "team"]
[EventRounds "11"]
[EventCountry "AUT"]
[WhiteTeam "SK St. Poelten"]
[BlackTeam "Austria Wien"]

1.e4 e6 2.d4 d5 3.Nc3 Bb4 4.e5 c5 5.a3 Bxc3+ 6.bxc3 Ne7 7.Qg4 cxd4 8.Nf3 Qc7
9.Kd1 Qxc3 10.Rb1 O-O 11.Bd3 Nf5 12.Qh3 f6 13.exf6 Rxf6 14.g4 Nc6 15.Re1 e5
16.Nxe5 Nxe5 17.Rxe5 Nh6 18.Re8+ Kf7 19.Rxc8 Qxc8 20.Qh5+ Kf8 21.g5 Rf5 22.Qh3
Rxf2 23.Qxc8+ Rxc8 24.gxh6 b6 25.Rb4 Rxh2 26.hxg7+ Kxg7 27.Bf4 Rh5 28.Rxd4 Kf6
29.Kd2 Rg8 30.Kc3 Ke6

[Event "2. Bundesliga Ost 2009/2010"]
[Site "17+18.10Zwettl14+15.11Poechlarn"]
[Date "2010.04.18"]
[Round "11"]
[Board "5"]
[White "Newrkla, Katharina"]
[Black "Kammerer, Roman"]
[Result "0-1"]
[WhiteElo "2083"]
[BlackElo "2099"]
[PlyCount "94"]
[EventDate "2009.10.17"]
[EventType "team"]
[EventRounds "11"]
[EventCountry "AUT"]
[WhiteTeam "Austria Wien"]
[BlackTeam "SK St. Poelten"]

1.e4 c5 2.Nf3 Nc6 3.d4 cxd4 4.Nxd4 Nf6 5.Nc3 e5 6.Ndb5 d6 7.Bg5 a6 8.Na3 b5
9.Nd5 Be7 10.Bxf6 Bxf6 11.c3 O-O 12.Nc2 Bg5 13.a4 bxa4 14.Rxa4 Bb7 15.Bc4 Na5
16.Be2 Nb3 17.O-O Nc5 18.Rc4 a5 19.b4 axb4 20.cxb4 Ne6 21.Rc3 Bf4 22.Qd3 Ra2
23.Bf3 Ba6 24.b5 Bb7 25.Rd1 Nc5 26.Qc4 Ra4 27.Qe2 Qa5 28.Rc4 Qxb5 29.Rxa4 Qxa4
30.Ra1 Qb3 31.Ne7+ Kh8 32.Nf5 Ba6 33.Qd1 Bd3 34.Nce3 Qxd1+ 35.Rxd1 Bxe3 36.Nxe3
Rd8 37.Nf5 g6 38.Ng3 h5 39.h4 Kg7 40.Ra1 Kf6 41.Ra7 Rb8 42.Bxh5 gxh5 43.Nxh5+
Kg6 44.g4 Be2 45.f4 Bxg4 46.f5+ Kxh5 47.Rxf7 Kxh4